All Sun Belt Teams - Statistics

General Stats
  • This quiz has been taken 23 times
  • The average score is 9 of 14
Answer Stats
Hint Answer % Correct
Mountaineers Appalachian St
93%
Chanticleers Coastal Carolina
86%
Ragin' Cajuns Louisiana
86%
Trojans Troy
79%
Thundering Herd Marshall
71%
Eagles Georgia Southern
64%
Dukes James Madison
64%
Red Wolves Arkansas St
57%
Panthers Georgia St
57%
Golden Eagles Southern Miss
57%
Bobcats Texas St
57%
Monarchs Old Dominion
50%
Jaguars South Alabama
50%
Warhawks UL Monroe
21%
No matching quizzes found
Score Distribution
Percent of People with Each Score
Percentile by Number Answered
Your Score History
You have not taken this quiz